Tottenham Hotspur 2016/17 Scorers Quiz Stats

 Plays Quiz not verified by Sporcle

Support Sporcle.
Go Orange.
Score 0/117 Timer 08:00
0 Plays Today
Opposition Scorer % Correct
Stoke (A) 0-4Heung-Min Son
100%
Stoke (A) 0-4Heung-Min Son
100%
Stoke (A) 0-4Harry Kane
100%
Sunderland (H) 1-0Harry Kane
100%
Middlesbrough (A) 1-2Heung-Min Son
100%
Middlesbrough (A) 1-2Heung-Min Son
100%
CSKA Moscow (A) 0-1Heung-Min Son
100%
Arsenal (A) 1-1Harry Kane
100%
West Ham (H) 3-2Harry Kane
100%
West Ham (H) 3-2Harry Kane
100%
Monaco (A) 2-1Harry Kane
100%
Swansea (H) 5-0Harry Kane
100%
Swansea (H) 5-0Heung-Min Son
100%
Swansea (H) 5-0Harry Kane
100%
CSKA Moscow (H) 3-1Harry Kane
100%
Southampton (A) 1-4Harry Kane
100%
Southampton (A) 1-4Heung-Min Son
100%
Watford (A) 1-4Harry Kane
100%
Watford (A) 1-4Harry Kane
100%
Aston Villa (H) 2-0Heung-Min Son
100%
West Brom (H) 4-0Harry Kane
100%
West Brom (H) 4-0Harry Kane
100%
West Brom (H) 4-0Harry Kane
100%
Manchester City (A) 2-2Heung-Min Son
100%
Wycombe Wanderers (H) 4-3Heung-Min Son
100%
Wycombe Wanderers (H) 4-3Heung-Min Son
100%
Fulham (A) 0-3Harry Kane
100%
Middlesbrough (H) 1-0Harry Kane
100%
Fulham (A) 0-3Harry Kane
100%
Fulham (A) 0-3Harry Kane
100%
Stoke (H) 4-0Harry Kane
100%
Stoke (H) 4-0Harry Kane
100%
Stoke (H) 4-0Harry Kane
100%
Everton (H) 3-2Harry Kane
100%
Everton (H) 3-2Harry Kane
100%
Millwall (H) 6-0Heung-Min Son
100%
Millwall (H) 6-0Heung-Min Son
100%
Millwall (H) 6-0Heung-Min Son
100%
Burnley (A) 0-2Heung-Min Son
100%
Opposition Scorer % Correct
Swansea (A) 1-3Heung-Min Son
100%
Watford (H) 4-0Heung-Min Son
100%
Watford (H) 4-0Heung-Min Son
100%
Bournemouth (H) 4-0Heung-Min Son
100%
Bournemouth (H) 4-0Harry Kane
100%
Chelsea (N) 4-2Harry Kane
100%
Arsenal (H) 2-0Harry Kane
100%
Manchester United (H) 2-1Harry Kane
100%
Leicester (A) 1-6Harry Kane
100%
Leicester (A) 1-6Heung-Min Son
100%
Leicester (A) 1-6Harry Kane
100%
Leicester (A) 1-6Heung-Min Son
100%
Leicester (A) 1-6Harry Kane
100%
Leicester (A) 1-6Harry Kane
100%
Hull (A) 1-7Harry Kane
100%
Hull (A) 1-7Harry Kane
100%
Hull (A) 1-7Harry Kane
100%
Stoke (A) 0-4Dele Alli
98.9%
Manchester City (H) 2-0Dele Alli
98.9%
West Brom (A) 1-1Dele Alli
98.9%
CSKA Moscow (H) 3-1Dele Alli
98.9%
Burnley (H) 2-1Dele Alli
98.9%
Southampton (A) 1-4Dele Alli
98.9%
Southampton (A) 1-4Dele Alli
98.9%
Watford (A) 1-4Dele Alli
98.9%
Watford (A) 1-4Dele Alli
98.9%
Chelsea (H) 2-0Dele Alli
98.9%
Chelsea (H) 2-0Dele Alli
98.9%
Manchester City (A) 2-2Dele Alli
98.9%
Wycombe Wanderers (H) 4-3Dele Alli
98.9%
Stoke (H) 4-0Dele Alli
98.9%
Everton (H) 3-2Dele Alli
98.9%
Millwall (H) 6-0Dele Alli
98.9%
Southampton (H) 2-1Dele Alli
98.9%
Swansea (A) 1-3Dele Alli
98.9%
Watford (H) 4-0Dele Alli
98.9%
Chelsea (N) 4-2Dele Alli
98.9%
Arsenal (H) 2-0Dele Alli
98.9%
Hull (A) 1-7Dele Alli
98.9%
Opposition Scorer % Correct
Gillingham (H) 5-0Christian Eriksen
97.7%
Gillingham (H) 5-0Christian Eriksen
97.7%
Chelsea (A) 2-1Christian Eriksen
97.7%
Swansea (H) 5-0Christian Eriksen
97.7%
Swansea (H) 5-0Christian Eriksen
97.7%
Hull (H) 3-0Christian Eriksen
97.7%
Hull (H) 3-0Christian Eriksen
97.7%
Gent (H) 2-2Christian Eriksen
97.7%
Millwall (H) 6-0Christian Eriksen
97.7%
Southampton (H) 2-1Christian Eriksen
97.7%
Swansea (A) 1-3Christian Eriksen
97.7%
Crystal Palace (A) 0-1Christian Eriksen
97.7%
Liverpool (H) 1-1Danny Rose
96%
Burnley (H) 2-1Danny Rose
96%
Bournemouth (H) 4-0Mousa Dembele
90.3%
Monaco (H) 1-2Toby Alderweireld
89.7%
Hull (A) 1-7Toby Alderweireld
89.7%
Crystal Palace (H) 1-0Victor Wanyama
89.1%
Hull (H) 3-0Victor Wanyama
89.1%
Gent (H) 2-2Victor Wanyama
89.1%
Manchester United (H) 2-1Victor Wanyama
89.1%
Hull (A) 1-7Victor Wanyama
89.1%
Everton (A) 1-1Erik Lamela
88.6%
Gillingham (H) 5-0Erik Lamela
88.6%
Burnley (A) 0-2Eric Dier
88.6%
Watford (H) 4-0Eric Dier
88.6%
West Ham (H) 3-2Harry Winks
82.9%
Aston Villa (H) 2-0Ben Davies
82.9%
Hull (A) 1-7Ben Davies
82.9%
Gillingham (H) 5-0Vincent Janssen
78.9%
Liverpool (A) 2-1Vincent Janssen
78.9%
Leicester (H) 1-1Vincent Janssen
78.9%
Wycombe Wanderers (H) 4-3Vincent Janssen
78.9%
Millwall (H) 6-0Vincent Janssen
78.9%
Bournemouth (H) 4-0Vincent Janssen
78.9%
Gillingham (H) 5-0Josh Onomah
40%
Manchester City (H) 2-0 - Own GoalAleksandar Kolarov
40%
West Brom (H) 4-0 - Own GoalGareth McAuley
30.3%
CSKA Moscow (H) 3-1 - Own GoalIgor Akinfeev
22.3%

You're not logged in!

Compare scores with friends on all Sporcle quizzes.
OR
Log In

From the Vault

Famous Pairs (In Reverse)

by sproutcm

Either way, it's hard to determine how dynamic any of these duos really are.
Remove Ads.
Support Sporcle.
Get the best of Sporcle when you Go Orange. This ad-free experience offers more features, more stats, and more fun while also helping to support Sporcle. Thank you for becoming a member.

Show Comments

Extras

Top Quizzes Today


Score Distribution

Your Account Isn't Verified!

In order to create a playlist on Sporcle, you need to verify the email address you used during registration. Go to your Sporcle Settings to finish the process.

Report this User

Report this user for behavior that violates our Community Guidelines.

Details: